[Event "7. Abierto Int. Carlos I Silgar 2015"]
[Site "Sanxenxo ESP"]
[Date "2015.06.24"]
[Round "5.5"]
[White "Portela Peleteiro, Alberto"]
[Black "Suarez Gomez, Julio"]
[Result "0-1"]
[WhiteElo "2105"]
[BlackElo "2400"]
[PlyCount "66"]
[EventDate "2015.06.20"]
[EventType "swiss"]
[EventRounds "9"]
[EventCountry "ESP"]
[SourceTitle "Ajedrez en Madrid"]
[Source "lmi"]
[SourceDate "2015.06.20"]

1. e4 e6 2. Nc3 d5 3. d4 Bb4 4. exd5 exd5 5. Bd3 Nc6 6. a3 Bxc3+ 7. bxc3 Be6 8.
Ne2 Qd7 9. O-O Nge7 10. Rb1 O-O-O 11. Nf4 Bf5 12. Qe2 Rde8 13. Bxf5 Qxf5 14.
Qb5 b6 15. Qa6+ Kb8 16. Nd3 Ka8 17. Bf4 Qc8 18. Qa4 f6 19. Nb4 Na5 20. c4 g5
21. Bg3 dxc4 22. d5 h5 23. f3 h4 24. Bf2 h3 25. Rfe1 hxg2 26. Re6 Ng6 27. Rbe1
Ne5 28. R1xe5 fxe5 29. Rxe8 Qxe8 30. Nc6 Nxc6 31. dxc6 Rh6 32. Bxb6 cxb6 33. c7
Rc6 0-1

[Event "7. Abierto Int. Carlos I Silgar 2015"]
[Site "Sanxenxo ESP"]
[Date "2015.06.24"]
[Round "5.6"]
[White "Cubero Ferreiro, Rodrigo"]
[Black "Abal Cores, Lucas"]
[Result "0-1"]
[WhiteElo "2105"]
[BlackElo "2373"]
[PlyCount "112"]
[EventDate "2015.06.20"]
[EventType "swiss"]
[EventRounds "9"]
[EventCountry "ESP"]
[SourceTitle "Ajedrez en Madrid"]
[Source "lmi"]
[SourceDate "2015.06.20"]

1. d4 Nf6 2. Nf3 e6 3. e3 b6 4. Bd3 Bb7 5. Nbd2 c5 6. O-O d6 7. b3 cxd4 8. exd4
Be7 9. c4 O-O 10. Qe2 Nbd7 11. Bb2 Re8 12. Rac1 Qc7 13. Bb1 Rac8 14. Rfd1 Qb8
15. Ng5 Qa8 16. f3 h6 17. Nh3 Bf8 18. Nf1 e5 19. d5 b5 20. Ne3 bxc4 21. bxc4
Rc7 22. Ba3 Ba6 23. Nf5 Nc5 24. Nf2 Rec8 25. Ng4 Nxg4 26. fxg4 g6 27. Ne3 Qb8
28. h4 Re8 29. h5 e4 30. g5 Qd8 31. Bb2 Qxg5 32. Ng4 Bg7 33. Bxg7 Kxg7 34. hxg6
f5 35. Nf2 Qxg6 36. Nh3 Kh7 37. Nf4 Qg5 38. Nh3 Qh4 39. Qf2 Qxf2+ 40. Kxf2 Nd7
41. Nf4 Rxc4 42. Rxc4 Bxc4 43. Rc1 Nb6 44. g4 fxg4 45. Ke3 Nxd5+ 46. Nxd5 Bxd5
47. Rd1 Ba8 48. Rxd6 g3 49. Rd1 h5 50. Rg1 Rg8 51. Bxe4+ Bxe4 52. Kxe4 Kh6 53.
Kf3 h4 54. Kg2 Kg5 55. Rc1 Rf8 56. Rc2 Kg4 0-1

[Event "7. Abierto Int. Carlos I Silgar 2015"]
[Site "Sanxenxo ESP"]
[Date "2015.06.24"]
[Round "5.7"]
[White "Santos Ruiz, Miguel"]
[Black "Carril Garcia, Luis"]
[Result "1-0"]
[WhiteElo "2329"]
[BlackElo "2046"]
[PlyCount "89"]
[EventDate "2015.06.20"]
[EventType "swiss"]
[EventRounds "9"]
[EventCountry "ESP"]
[SourceTitle "Ajedrez en Madrid"]
[Source "lmi"]
[SourceDate "2015.06.20"]

1. e4 e6 2. d4 d5 3. Bd3 dxe4 4. Bxe4 Nf6 5. Bf3 c5 6. Ne2 Nc6 7. Be3 cxd4 8.
Nxd4 Ne5 9. Nc3 Bb4 10. Ndb5 Nxf3+ 11. Qxf3 a6 12. Rd1 Nd5 13. a3 Ba5 14. b4
axb5 15. Nxd5 exd5 16. Rxd5 Bxb4+ 17. axb4 Qf6 18. Qxf6 gxf6 19. Bd4 Be6 20.
Rxb5 Bc4 21. Rc5 b5 22. Kd2 Rg8 23. g3 Rg5 24. Bxf6 Rxc5 25. bxc5 Kd7 26. Bd4
Ke6 27. Be3 Ra2 28. Kc3 Ra3+ 29. Kd4 Ra4 30. Re1 Bd5+ 31. Kc3 Rc4+ 32. Kb2 Be4
33. Re2 Kd5 34. Rd2+ Kc6 35. Rd6+ Kc7 36. c3 b4 37. cxb4 Rxb4+ 38. Kc3 Rb1 39.
Kd4 Bg6 40. Ke5 h5 41. Rb6 Rd1 42. h4 Rd3 43. Bf4 Kd7 44. Kf6 Rd5 45. c6+ 1-0

[Event "7. Abierto Int. Carlos I Silgar 2015"]
[Site "Sanxenxo ESP"]
[Date "2015.06.24"]
[Round "5.8"]
[White "Yebra-Pimentel Brea, Carlos"]
[Black "Iwanow, Anna"]
[Result "0-1"]
[WhiteElo "2026"]
[BlackElo "2251"]
[PlyCount "66"]
[EventDate "2015.06.20"]
[EventType "swiss"]
[EventRounds "9"]
[EventCountry "ESP"]
[SourceTitle "Ajedrez en Madrid"]
[Source "lmi"]
[SourceDate "2015.06.20"]

1. e4 c5 2. c3 d6 3. d4 Nf6 4. Bd3 Nc6 5. Nf3 e5 6. dxc5 dxc5 7. h3 Be7 8. Qe2
O-O 9. Be3 a6 10. a4 Qc7 11. Nbd2 Rd8 12. O-O Rb8 13. Rfd1 Bd7 14. Nh4 Re8 15.
Qf3 Rbd8 16. Nf1 Na5 17. g4 Nxg4 18. Nf5 Bxf5 19. hxg4 Bc8 20. Ng3 Rd6 21. Nf5
Rg6 22. Kh2 Bg5 23. Bxg5 Rxg5 24. Qh3 Re6 25. Be2 Rxf5 26. gxf5 Rh6 27. Bh5 g6
28. Qd3 Rxh5+ 29. Kg2 Nc6 30. Rh1 Rg5+ 31. Kf3 gxf5 32. exf5 Bxf5 33. Qe2 e4+
0-1

[Event "7. Abierto Int. Carlos I Silgar 2015"]
[Site "Sanxenxo ESP"]
[Date "2015.06.24"]
[Round "5.9"]
[White "Dominguez Fernandez, Angel I"]
[Black "Lorenzo Duran, Marcos"]
[Result "1-0"]
[WhiteElo "1968"]
[BlackElo "2189"]
[PlyCount "129"]
[EventDate "2015.06.20"]
[EventType "swiss"]
[EventRounds "9"]
[EventCountry "ESP"]
[SourceTitle "Ajedrez en Madrid"]
[Source "lmi"]
[SourceDate "2015.06.20"]

1. e4 c6 2. d4 d5 3. e5 c5 4. dxc5 e6 5. Be3 Nh6 6. Bxh6 gxh6 7. Nf3 Nc6 8. Nc3
Bg7 9. Bb5 O-O 10. Bxc6 bxc6 11. O-O Rb8 12. Na4 Ba6 13. Re1 Qa5 14. b3 Bb5 15.
Nb2 Qa3 16. Nd3 Bxd3 17. cxd3 Qxc5 18. d4 Qa5 19. Qc2 Rfc8 20. Re3 c5 21. Rc1
Bf8 22. Rc3 c4 23. Nd2 cxb3 24. axb3 Rxc3 25. Qxc3 Qxc3 26. Rxc3 Bb4 27. Rg3+
Kf8 28. Nf1 Rc8 29. Re3 Rc1 30. Rd3 Ke7 31. g4 Rc3 32. Re3 Kd7 33. Kg2 Kc6 34.
Kh3 Rxe3+ 35. Nxe3 Kb5 36. Kg3 a5 37. Kf3 Bc3 38. Nc2 a4 39. bxa4+ Kxa4 40. Ke3
Kb3 41. Kd3 Ba5 42. f3 Bd8 43. Ne3 Kb2 44. Ng2 Bg5 45. f4 Bd8 46. h4 Kc1 47. f5
Kd1 48. fxe6 fxe6 49. Nf4 Bxh4 50. Nxe6 Ke1 51. Nf4 Kf2 52. e6 Kf3 53. Nxd5
Kxg4 54. e7 Bxe7 55. Nxe7 Kf4 56. Nd5+ Kf5 57. Ke3 h5 58. Nf4 h4 59. Kf3 h6 60.
Nh3 Ke6 61. Ke4 Kd6 62. Nf4 h5 63. Nh3 Ke6 64. d5+ Kd6 65. Kd4 1-0

[Event "7. Abierto Int. Carlos I Silgar 2015"]
[Site "Sanxenxo ESP"]
[Date "2015.06.24"]
[Round "5.10"]
[White "Gomez Dieguez, David"]
[Black "Bayon Rolo, Juan Andres"]
[Result "1-0"]
[WhiteElo "2152"]
[BlackElo "2032"]
[PlyCount "79"]
[EventDate "2015.06.20"]
[EventType "swiss"]
[EventRounds "9"]
[EventCountry "ESP"]
[SourceTitle "Ajedrez en Madrid"]
[Source "lmi"]
[SourceDate "2015.06.20"]

1. e4 e5 2. Nf3 Nf6 3. Nxe5 d6 4. Nxf7 Kxf7 5. d4 c5 6. Nc3 Be6 7. d5 Bd7 8. a4
Qe8 9. f3 Be7 10. Bc4 Kf8 11. O-O Qg6 12. Qe2 h5 13. f4 Ne8 14. b3 Bg4 15. Qe3
h4 16. h3 Bh5 17. Bb2 Qg3 18. Qd2 Bf6 19. e5 dxe5 20. Ne4 Qg6 21. Nxf6 gxf6 22.
fxe5 Nd7 23. Bb5 Rd8 24. e6 Nb6 25. c4 Rg8 26. Bxe8 Kxe8 27. Rxf6 Qg3 28. a5
Nc8 29. Raf1 Ke7 30. R6f5 Nd6 31. Bf6+ Ke8 32. Rxh5 Ne4 33. Qa2 Qe3+ 34. Kh2
Qg3+ 35. Kh1 Qg6 36. Qa4+ Kf8 37. e7+ Kf7 38. exd8=Q Rxd8 39. Bxd8+ Kg7 40.
Qd7+ 1-0

[Event "7. Abierto Int. Carlos I Silgar 2015"]
[Site "Sanxenxo ESP"]
[Date "2015.06.25"]
[Round "6.1"]
[White "Arribas Lopez, Angel"]
[Black "Movsziszian, Karen"]
[Result "1-0"]
[WhiteElo "2537"]
[BlackElo "2483"]
[PlyCount "87"]
[EventDate "2015.06.20"]
[EventType "swiss"]
[EventRounds "9"]
[EventCountry "ESP"]
[SourceTitle "Ajedrez en Madrid"]
[Source "lmi"]
[SourceDate "2015.06.20"]

1. e4 g6 2. d4 Bg7 3. Nc3 d6 4. Nf3 Nf6 5. Be2 O-O 6. O-O Bg4 7. Be3 Nc6 8. d5
Bxf3 9. Bxf3 Ne5 10. Be2 c6 11. a4 cxd5 12. exd5 a6 13. Ra3 Rc8 14. Rb3 Qd7 15.
Rb4 e6 16. Bg5 Nxd5 17. Nxd5 exd5 18. c3 Qc6 19. Kh1 Rfe8 20. f4 h6 21. fxe5
hxg5 22. Bg4 dxe5 23. Bxc8 Rxc8 24. Qb3 Rc7 25. Rb6 Qc4 26. Qxc4 dxc4 27. Rd6
e4 28. Rd8+ Bf8 29. g4 Kg7 30. Rd4 e3 31. Re4 Bc5 32. Rxc4 b5 33. axb5 axb5 34.
Re4 f6 35. Kg2 Rd7 36. b4 Ba7 37. Re6 Rd2+ 38. Kf3 Kf7 39. Ra6 Rd7 40. Ke2 Rd2+
41. Ke1 Bb8 42. Rfxf6+ Kg7 43. Rxg6+ Kh7 44. Rgb6 1-0

[Event "7. Abierto Int. Carlos I Silgar 2015"]
[Site "Sanxenxo ESP"]
[Date "2015.06.25"]
[Round "6.2"]
[White "Tallarico Tallarico, Ovido Mar"]
[Black "Strikovic, Aleksa"]
[Result "0-1"]
[WhiteElo "2133"]
[BlackElo "2506"]
[PlyCount "118"]
[EventDate "2015.06.20"]
[EventType "swiss"]
[EventRounds "9"]
[EventCountry "ESP"]
[SourceTitle "Ajedrez en Madrid"]
[Source "lmi"]
[SourceDate "2015.06.20"]

1. g3 d5 2. Bg2 e5 3. c4 d4 4. d3 c5 5. Nf3 Nc6 6. b4 cxb4 7. a3 Nf6 8. O-O
bxa3 9. Qa4 Bd6 10. Bxa3 O-O 11. Nbd2 h6 12. Rfb1 Bxa3 13. Qxa3 Qc7 14. Ne1 Bg4
15. Kf1 Qd7 16. Ne4 Nxe4 17. Bxe4 Rac8 18. Qa4 Rb8 19. Nf3 Qc7 20. Kg2 Bd7 21.
h3 b6 22. c5 bxc5 23. Rc1 Qd6 24. Qc4 Rfc8 25. Qxc5 Qe6 26. g4 a5 27. Bf5 Qe8
28. Bxd7 Qxd7 29. Nxe5 Nxe5 30. Qxe5 a4 31. Rxc8+ Rxc8 32. Qa5 Qc6+ 33. Kg1 Ra8
34. Qb4 Qc2 35. Qxd4 Qxe2 36. Qe4 Qxe4 37. dxe4 g5 38. Ra3 Kg7 39. Kg2 Kf6 40.
Kf3 Ke5 41. Ke3 f6 42. h4 gxh4 43. f4+ Kd6 44. Kd4 Kc6 45. e5 fxe5+ 46. Kxe5
Kb5 47. g5 Kb4 48. Rh3 a3 49. Rxh4 a2 50. Rh1 h5 51. f5 a1=Q+ 52. Rxa1 Rxa1 53.
f6 Re1+ 54. Kf5 Rf1+ 55. Ke5 h4 56. g6 h3 57. g7 h2 58. g8=Q h1=Q 59. Qg4+ Ka5
0-1

[Event "7. Abierto Int. Carlos I Silgar 2015"]
[Site "Sanxenxo ESP"]
[Date "2015.06.25"]
[Round "6.3"]
[White "Larino Nieto, David"]
[Black "Piasetski, Leon"]
[Result "1-0"]
[WhiteElo "2451"]
[BlackElo "2272"]
[PlyCount "115"]
[EventDate "2015.06.20"]
[EventType "swiss"]
[EventRounds "9"]
[EventCountry "ESP"]
[SourceTitle "Ajedrez en Madrid"]
[Source "lmi"]
[SourceDate "2015.06.20"]

1. b3 d5 2. Bb2 Bg4 3. g3 e6 4. Bg2 Nf6 5. c4 c6 6. Nf3 Nbd7 7. O-O Be7 8. d3
O-O 9. Nbd2 a5 10. h3 Bh5 11. g4 Bg6 12. Nh4 Ne8 13. Nxg6 hxg6 14. cxd5 exd5
15. e4 dxe4 16. dxe4 g5 17. Nc4 Nc7 18. h4 Ne6 19. hxg5 Bxg5 20. Nd6 Bf4 21.
Nf5 Ne5 22. Qxd8 Rfxd8 23. Bxe5 Bxe5 24. Rad1 Bf4 25. Bf3 g6 26. Nh4 Ng5 27.
Rfe1 Kg7 28. Bg2 Bd2 29. Re2 Bb4 30. Rc1 Ne6 31. Nf3 Nf4 32. Rec2 f6 33. g5 Rd7
34. gxf6+ Kxf6 35. Kh2 g5 36. Kg3 Rh8 37. Rh1 Rxh1 38. Bxh1 Rd1 39. Bg2 Bd6 40.
Bh3 Nd3+ 41. Kg4 Bf4 42. Bg2 Ra1 43. Re2 Nc1 44. e5+ Ke7 45. Re1 Rxa2 46. Bf1
Nxb3 47. Bc4 a4 48. Rh1 b5 49. Rh7+ Kd8 50. Bd3 Nc5 51. Bf5 Rxf2 52. Nd4 Rg2+
53. Kf3 Rg3+ 54. Ke2 Re3+ 55. Kd1 Bxe5 56. Nxc6+ Ke8 57. Bg6+ Kf8 58. Rf7+ 1-0

[Event "7. Abierto Int. Carlos I Silgar 2015"]
[Site "Sanxenxo ESP"]
[Date "2015.06.25"]
[Round "6.5"]
[White "Suarez Gomez, Julio"]
[Black "Alvarez Fernandez, Enrique"]
[Result "1-0"]
[WhiteElo "2400"]
[BlackElo "2314"]
[PlyCount "87"]
[EventDate "2015.06.20"]
[EventType "swiss"]
[EventRounds "9"]
[EventCountry "ESP"]
[SourceTitle "Ajedrez en Madrid"]
[Source "lmi"]
[SourceDate "2015.06.20"]

1. e4 c5 2. Nf3 d6 3. d4 cxd4 4. Nxd4 Nf6 5. Nc3 a6 6. Be3 e5 7. Nb3 Be6 8. Be2
Be7 9. Nd5 Nxd5 10. exd5 Bf5 11. Qd2 Nd7 12. Na5 Qc7 13. c4 O-O 14. O-O Bg6 15.
b4 f5 16. f4 exf4 17. Bxf4 Nf6 18. Bf3 Ne4 19. Bxe4 fxe4 20. c5 Qd7 21. Nc4
Rxf4 22. Qxf4 Rf8 23. Qd2 dxc5 24. d6 Bf6 25. Rxf6 gxf6 26. bxc5 Qe6 27. Ne3
Be8 28. Rf1 Bc6 29. Nf5 Kh8 30. Qh6 Rf7 31. a3 Qe5 32. Qc1 Bd7 33. Ne3 Be6 34.
Rd1 Rf8 35. c6 bxc6 36. Qxc6 Rc8 37. Qxa6 Qc5 38. Kf2 Rb8 39. Rd2 Bd7 40. Qc4
Qxc4 41. Nxc4 Kg8 42. Ke3 Kf7 43. Kxe4 Ke6 44. Kd4 1-0

[Event "7. Abierto Int. Carlos I Silgar 2015"]
[Site "Sanxenxo ESP"]
[Date "2015.06.25"]
[Round "6.6"]
[White "Fernandez Borrego, Pablo"]
[Black "Gomez Dieguez, David"]
[Result "1-0"]
[WhiteElo "2378"]
[BlackElo "2152"]
[PlyCount "97"]
[EventDate "2015.06.20"]
[EventType "swiss"]
[EventRounds "9"]
[EventCountry "ESP"]
[SourceTitle "Ajedrez en Madrid"]
[Source "lmi"]
[SourceDate "2015.06.20"]

1. Nf3 Nc6 2. d4 d5 3. Bf4 Nf6 4. Nbd2 Bg4 5. h3 Bh5 6. c3 e6 7. g3 Bd6 8. Bxd6
cxd6 9. Bg2 Bxf3 10. Bxf3 O-O 11. O-O b5 12. e3 Qb6 13. b3 Rfc8 14. a4 Na5 15.
axb5 Rxc3 16. b4 Nc4 17. Nxc4 Rxc4 18. Be2 Qxb5 19. Bxc4 dxc4 20. Qa4 Rb8 21.
Qxa7 Qxb4 22. Ra4 Qb3 23. Rxc4 h6 24. Rc7 Rf8 25. Qb7 Qa3 26. Rc8 Rxc8 27.
Qxc8+ Kh7 28. Qf8 Kg6 29. Rb1 Ne4 30. h4 Qa2 31. Rf1 Qe2 32. Qc8 Nd2 33. Qc2+
Kf6 34. Rc1 Nf3+ 35. Kh1 Nd2 36. Rd1 Qf3+ 37. Kg1 Ne4 38. Re1 d5 39. Qe2 Qf5
40. Kg2 Nc3 41. Qf3 Qxf3+ 42. Kxf3 h5 43. Kg2 Kg6 44. Rc1 Ne4 45. Rc6 Kf6 46.
f3 Nd2 47. Kf2 Kg6 48. Ke2 Nb3 49. Ra6 1-0

[Event "7. Abierto Int. Carlos I Silgar 2015"]
[Site "Sanxenxo ESP"]
[Date "2015.06.25"]
[Round "6.7"]
[White "Abal Cores, Lucas"]
[Black "Dominguez Fernandez, Angel I"]
[Result "1-0"]
[WhiteElo "2373"]
[BlackElo "1968"]
[PlyCount "165"]
[EventDate "2015.06.20"]
[EventType "swiss"]
[EventRounds "9"]
[EventCountry "ESP"]
[SourceTitle "Ajedrez en Madrid"]
[Source "lmi"]
[SourceDate "2015.06.20"]

1. e4 e6 2. d4 d5 3. Nd2 a6 4. Bd3 c5 5. c3 Nc6 6. Ne2 cxd4 7. cxd4 dxe4 8.
Nxe4 Nf6 9. O-O Be7 10. b3 O-O 11. Bb2 Nb4 12. Nxf6+ Bxf6 13. Be4 Nd5 14. Qd3
h6 15. Rac1 Bd7 16. Rfd1 Bc6 17. g3 Nb4 18. Qb1 Bxe4 19. Qxe4 Nd5 20. Rc4 Qd7
21. Rdc1 Rac8 22. Ba3 Rfd8 23. R1c2 Bg5 24. h4 Be7 25. Bxe7 Nxe7 26. g4 Rxc4
27. Rxc4 Qd5 28. f3 Nc6 29. Kf2 Qd6 30. Kg2 Qa3 31. Qc2 Qd6 32. Qc3 e5 33. dxe5
Qxe5 34. Qxe5 Nxe5 35. Re4 Nc6 36. Nc3 Kf8 37. Kg3 b5 38. Re3 g6 39. Ne4 Nb4
40. Re2 Rc8 41. Kf4 Rd8 42. Kg3 Rc8 43. Kf4 Rd8 44. g5 hxg5+ 45. hxg5 Nd5+ 46.
Kg3 Nb4 47. a3 Nc6 48. Nc5 Nd4 49. Re5 Nf5+ 50. Kf2 Rd2+ 51. Ke1 Rd6 52. Ke2
Nd4+ 53. Kf2 Nf5 54. Ke1 Nd4 55. Kf2 Nf5 56. b4 Rd2+ 57. Re2 Rd6 58. Ra2 Ne7
59. Ne4 Rd4 60. Ke2 Ke8 61. Rc2 Kd8 62. Nc5 Rd5 63. f4 Nc6 64. Ke3 Nb8 65. Ke4
Rd1 66. Nb7+ Kd7 67. Ke5 Rf1 68. Rd2+ Ke7 69. Nc5 Re1+ 70. Kd5 Ra1 71. Rd3 Rf1
72. Re3+ Kd8 73. Nd3 Rd1 74. Kd6 Rd2 75. Rh3 Kc8 76. Ke7 Nc6+ 77. Kxf7 Ra2 78.
Ne5 Nd4 79. Nxg6 Rf2 80. Rd3 Nf3 81. Rd5 Ra2 82. Ne7+ Kc7 83. g6 1-0

[Event "7. Abierto Int. Carlos I Silgar 2015"]
[Site "Sanxenxo ESP"]
[Date "2015.06.25"]
[Round "6.8"]
[White "Bouza-Brey Teijeiro, Gonzalo"]
[Black "Santos Ruiz, Miguel"]
[Result "0-1"]
[WhiteElo "1965"]
[BlackElo "2329"]
[PlyCount "64"]
[EventDate "2015.06.20"]
[EventType "swiss"]
[EventRounds "9"]
[EventCountry "ESP"]
[SourceTitle "Ajedrez en Madrid"]
[Source "lmi"]
[SourceDate "2015.06.20"]

1. e4 e6 2. d4 d5 3. Nc3 Nf6 4. Bg5 Bb4 5. e5 h6 6. Be3 Ne4 7. Qg4 g6 8. a3
Bxc3+ 9. bxc3 c5 10. Nf3 Qa5 11. Bd3 Qxc3+ 12. Ke2 b6 13. Rhd1 Ba6 14. Rac1 Qb2
15. Ke1 Bxd3 16. Rxd3 c4 17. Rdd1 Nc3 18. Qh4 Nxd1 19. Kxd1 Nc6 20. Bxh6 Nxd4
21. Nxd4 Rxh6 22. Qxh6 Qxd4+ 23. Ke2 Qxe5+ 24. Kf1 O-O-O 25. Qh7 Qf6 26. Qh3
Qf5 27. Qg3 d4 28. a4 Rd7 29. Qa3 Kb7 30. Qb4 Qd5 31. a5 Qxa5 32. Qxc4 Qa6 0-1

[Event "7. Abierto Int. Carlos I Silgar 2015"]
[Site "Sanxenxo ESP"]
[Date "2015.06.25"]
[Round "6.9"]
[White "Perez Negro, Jose M"]
[Black "Hoffman, Alejandro"]
[Result "1/2-1/2"]
[WhiteElo "2106"]
[BlackElo "2456"]
[PlyCount "75"]
[EventDate "2015.06.20"]
[EventType "swiss"]
[EventRounds "9"]
[EventCountry "ESP"]
[SourceTitle "Ajedrez en Madrid"]
[Source "lmi"]
[SourceDate "2015.06.20"]

1. c4 e6 2. Nc3 d5 3. cxd5 exd5 4. d4 c6 5. Qc2 g6 6. Nf3 Bf5 7. Qb3 Qb6 8. Qd1
Nf6 9. e3 Nbd7 10. Nh4 Be6 11. Bd3 Be7 12. Nf3 O-O 13. O-O Nh5 14. Rb1 f5 15.
g3 a5 16. Bd2 Qd8 17. Ne2 Qb8 18. a3 Re8 19. Qc2 a4 20. Bb4 Bf7 21. Bxe7 Rxe7
22. Nc3 Nb6 23. Ne5 Be8 24. b4 axb3 25. Qxb3 Nc8 26. Rfc1 Nf6 27. Qb4 Qa7 28.
a4 Qa5 29. f4 Qxb4 30. Rxb4 Nd6 31. h3 Kg7 32. Rcb1 h6 33. Kg2 Ra7 34. R1b2 Bf7
35. Kf3 Be8 36. g4 fxg4+ 37. hxg4 g5 38. Rh2 1/2-1/2

[Event "7. Abierto Int. Carlos I Silgar 2015"]
[Site "Sanxenxo ESP"]
[Date "2015.06.25"]
[Round "6.10"]
[White "Torres Dominguez, David"]
[Black "Medarde Santiago, Luis Marcos"]
[Result "1/2-1/2"]
[WhiteElo "2082"]
[BlackElo "2273"]
[PlyCount "81"]
[EventDate "2015.06.20"]
[EventType "swiss"]
[EventRounds "9"]
[EventCountry "ESP"]
[SourceTitle "Ajedrez en Madrid"]
[Source "lmi"]
[SourceDate "2015.06.20"]

1. e4 c5 2. Nc3 Nc6 3. g3 g6 4. Bg2 Bg7 5. d3 d6 6. Nh3 e5 7. O-O Nge7 8. f4
Nd4 9. f5 gxf5 10. Qh5 h6 11. Rf2 Be6 12. Be3 Qd7 13. Raf1 Rf8 14. Nd5 fxe4 15.
Bxh6 e3 16. Nxe3 Bxh6 17. Qxh6 O-O-O 18. Ng5 Rh8 19. Qf6 Rhg8 20. Nxf7 Rgf8 21.
Qh6 Ng8 22. Qh5 Rde8 23. Nxe5 Qg7 24. N5c4 Kc7 25. Nd5+ Kd7 26. Nf4 Nf6 27.
Nxe6 Rxe6 28. Qh4 Kc7 29. Rxf6 Rfxf6 30. Rxf6 Rxf6 31. Qe4 Nc6 32. c3 Qh6 33.
Ne3 Re6 34. Qf4 Qg7 35. Nd5+ Kb8 36. Bh3 Rh6 37. Qf5 Qh8 38. Qd7 a6 39. Qc7+
Ka7 40. Qb6+ Kb8 41. Qc7+ 1/2-1/2

[Event "7. Abierto Int. Carlos I Silgar 2015"]
[Site "Sanxenxo ESP"]
[Date "2015.06.26"]
[Round "7.1"]
[White "Larino Nieto, David"]
[Black "Arribas Lopez, Angel"]
[Result "1/2-1/2"]
[WhiteElo "2451"]
[BlackElo "2537"]
[PlyCount "38"]
[EventDate "2015.06.20"]
[EventType "swiss"]
[EventRounds "9"]
[EventCountry "ESP"]
[SourceTitle "Ajedrez en Madrid"]
[Source "lmi"]
[SourceDate "2015.06.20"]

1. b3 e5 2. Bb2 Nc6 3. e3 d5 4. Bb5 Bd6 5. Nf3 Qe7 6. c4 a6 7. Bxc6+ bxc6 8. c5
Bxc5 9. Nxe5 Bd6 10. f4 Qh4+ 11. g3 Qh3 12. Qc2 Qg2 13. Qxc6+ Ke7 14. Rf1 Bh3
15. Rf2 Qh1+ 16. Ke2 Bxe5 17. Nc3 Bg4+ 18. Kd3 Bf5+ 19. Ke2 Bg4+ 1/2-1/2

[Event "7. Abierto Int. Carlos I Silgar 2015"]
[Site "Sanxenxo ESP"]
[Date "2015.06.26"]
[Round "7.2"]
[White "Strikovic, Aleksa"]
[Black "Fernandez Borrego, Pablo"]
[Result "1/2-1/2"]
[WhiteElo "2506"]
[BlackElo "2378"]
[PlyCount "60"]
[EventDate "2015.06.20"]
[EventType "swiss"]
[EventRounds "9"]
[EventCountry "ESP"]
[SourceTitle "Ajedrez en Madrid"]
[Source "lmi"]
[SourceDate "2015.06.20"]

1. e4 e6 2. d3 c5 3. Nf3 Nc6 4. g3 d5 5. Nbd2 Bd6 6. Bg2 Nge7 7. O-O O-O 8. Re1
Qc7 9. c3 Bd7 10. Nh4 f5 11. f4 fxe4 12. dxe4 c4 13. exd5 exd5 14. Nf1 d4 15.
cxd4 Nxd4 16. Be3 Ndf5 17. Nxf5 Nxf5 18. Qd5+ Kh8 19. Bf2 Bc6 20. Qxc4 Nh4 21.
gxh4 Rxf4 22. Qc2 Raf8 23. Bg3 Qb6+ 24. Kh1 Rf3 25. Qc1 Rxg3 26. Nxg3 Bxg2+ 27.
Kxg2 Qf2+ 28. Kh3 Bxg3 29. hxg3 Qf5+ 30. Kg2 Qf3+ 1/2-1/2

[Event "7. Abierto Int. Carlos I Silgar 2015"]
[Site "Sanxenxo ESP"]
[Date "2015.06.26"]
[Round "7.3"]
[White "Santos Ruiz, Miguel"]
[Black "Suarez Gomez, Julio"]
[Result "1/2-1/2"]
[WhiteElo "2329"]
[BlackElo "2400"]
[PlyCount "74"]
[EventDate "2015.06.20"]
[EventType "swiss"]
[EventRounds "9"]
[EventCountry "ESP"]
[SourceTitle "Ajedrez en Madrid"]
[Source "lmi"]
[SourceDate "2015.06.20"]

1. e4 c6 2. d4 d5 3. Nc3 dxe4 4. Nxe4 Bf5 5. Ng3 Bg6 6. Nh3 Nf6 7. Nf4 e5 8.
Nxg6 hxg6 9. dxe5 Qa5+ 10. Bd2 Qxe5+ 11. Qe2 Nbd7 12. Qxe5+ Nxe5 13. Bc3 Ned7
14. Bc4 Bc5 15. O-O O-O 16. Rfe1 Rad8 17. Bxf6 Nxf6 18. Ne4 Nxe4 19. Rxe4 Rd2
20. Re2 Rfd8 21. Kf1 Rd1+ 22. Rxd1 Rxd1+ 23. Re1 Rd2 24. Re2 Rd1+ 25. Re1 Rxe1+
26. Kxe1 Kf8 27. Ke2 Ke7 28. f3 g5 29. Kd3 a5 30. a4 b6 31. Ke4 Bd6 32. h3 f6
33. Kf5 Be5 34. b3 Bd6 35. Kg6 Kf8 36. Be6 Ke7 37. Bc4 Kf8 1/2-1/2

[Event "7. Abierto Int. Carlos I Silgar 2015"]
[Site "Sanxenxo ESP"]
[Date "2015.06.26"]
[Round "7.4"]
[White "Cruz Alvarez De Ron, Dan"]
[Black "Abal Cores, Lucas"]
[Result "1/2-1/2"]
[WhiteElo "2181"]
[BlackElo "2373"]
[PlyCount "61"]
[EventDate "2015.06.20"]
[EventType "swiss"]
[EventRounds "9"]
[EventCountry "ESP"]
[SourceTitle "Ajedrez en Madrid"]
[Source "lmi"]
[SourceDate "2015.06.20"]

1. Nf3 Nf6 2. c4 e6 3. g3 b6 4. Bg2 Bb7 5. O-O c5 6. Nc3 Be7 7. b3 O-O 8. d4
cxd4 9. Qxd4 d6 10. Rd1 a6 11. Ng5 Bxg2 12. Kxg2 Nc6 13. Qd2 Qc7 14. Bb2 Rfd8
15. Rac1 h6 16. Nge4 Ne8 17. Nd5 Qb7 18. Nxe7+ Nxe7 19. f3 d5 20. cxd5 Rxd5 21.
Qf4 e5 22. Qe3 Nf5 23. Qf2 Rad8 24. Nc3 Rd4 25. e4 Ne7 26. Nd5 Rxd1 27. Rxd1
Nxd5 28. Rxd5 Rxd5 29. exd5 Qxd5 30. Qxb6 e4 31. Qe3 1/2-1/2

[Event "7. Abierto Int. Carlos I Silgar 2015"]
[Site "Sanxenxo ESP"]
[Date "2015.06.26"]
[Round "7.5"]
[White "Movsziszian, Karen"]
[Black "Iwanow, Anna"]
[Result "1-0"]
[WhiteElo "2483"]
[BlackElo "2251"]
[PlyCount "63"]
[EventDate "2015.06.20"]
[EventType "swiss"]
[EventRounds "9"]
[EventCountry "ESP"]
[SourceTitle "Ajedrez en Madrid"]
[Source "lmi"]
[SourceDate "2015.06.20"]

1. g3 e5 2. Bg2 d5 3. d3 Nf6 4. Nf3 Bd6 5. O-O O-O 6. c4 c6 7. Qc2 h6 8. Nc3 d4
9. Ne4 Nxe4 10. dxe4 c5 11. Ne1 Nc6 12. f4 exf4 13. gxf4 f6 14. Nd3 Bd7 15. Bd2
Rc8 16. b3 b6 17. Kh1 Qe7 18. Rae1 Bb8 19. Rg1 f5 20. e5 Nd8 21. e4 dxe3 22.
Rxe3 Ne6 23. Rg3 Bc6 24. Be3 Qb7 25. Rg6 Rfe8 26. Nf2 Bxg2+ 27. R1xg2 Qf3 28.
Qxf5 Qxe3 29. Rxe6 Qe1+ 30. Rg1 Qxf2 31. Rxg7+ Kxg7 32. Rg6+ 1-0

[Event "7. Abierto Int. Carlos I Silgar 2015"]
[Site "Sanxenxo ESP"]
[Date "2015.06.26"]
[Round "7.6"]
[White "Kantans, Toms"]
[Black "Sanchez Quiroga, Miguel Angel"]
[Result "1-0"]
[WhiteElo "2451"]
[BlackElo "2127"]
[PlyCount "49"]
[EventDate "2015.06.20"]
[EventType "swiss"]
[EventRounds "9"]
[EventCountry "ESP"]
[SourceTitle "Ajedrez en Madrid"]
[Source "lmi"]
[SourceDate "2015.06.20"]

1. e4 g6 2. d4 c6 3. Nc3 d5 4. h3 Bg7 5. Nf3 Nh6 6. Bf4 f6 7. exd5 cxd5 8. Nb5
Na6 9. c4 O-O 10. Qb3 g5 11. Bh2 e6 12. Be2 Nf7 13. O-O Re8 14. Rfe1 Bf8 15.
Bf1 dxc4 16. Bxc4 Qb6 17. Re3 Nd6 18. Bxd6 Bxd6 19. Bxe6+ Bxe6 20. Rxe6 Bh2+
21. Nxh2 Qxe6 22. d5 Qe5 23. Nf3 Nc5 24. Qc2 Qe7 25. d6 1-0